000 nam a22 7a 4500
999 _c9095
_d9095
008 180123b ||||| |||| 00| 0 eng d
100 _aCreative world Publication
_95375
245 _aThe world of man and websters geographical guide to the world
260 _aChicago
_bCreative world Publication
_c1964